01387nam a2200241Ia 4500001000900000003001000009008004100019040002500060041001300085100001700098245003200115250001100147260006600158300001200224500026800236501011400504520026800618650004700886942000700933957000600940999004100946952015800987L120-831IT-CnALBA170116s9999||||xx |||||||||||||| ||und|| aIT-CnALBAcIT-CnALBA aITALIANO aMURRI ROMOLO 0aALLA RICERCA DI SE STESSO.  a1a ed. aMILANObBOMPIANI VALENTINO CASA EDITR. c1939 [1° Ed.: n.d.] a338 p.  aBIBLIOTECA CAN. CHIESA. CONOSCENZA E VOLONTÀ. CONOSCENZA DEL COSMO. COSCIENZA DI SÈ E CONOSCENZA RAZIONALE. ATTIVITÀ ESTETICA E ARTE. L'IO COME VOLONTÀ. AZIONE TOTALE. CREAZIONE E CREATURA. LA COSCIENZA COME SOGGETTO. CONOSCENZA MISTICA. PERSONA UMANA E D aSocietà San Paolo EM - Piazza San Paolo, 14 - 12051 ALBA (CN) (non commercial uses only) ® Copyright 2017 aBIBLIOTECA CAN. CHIESA. CONOSCENZA E VOLONTÀ. CONOSCENZA DEL COSMO. COSCIENZA DI SÈ E CONOSCENZA RAZIONALE. ATTIVITÀ ESTETICA E ARTE. L'IO COME VOLONTÀ. AZIONE TOTALE. CREAZIONE E CREATURA. LA COSCIENZA COME SOGGETTO. CONOSCENZA MISTICA. PERSONA UMANA E D aGNOSEOLOGIA - CAUSALITÀ - FINE DELL'UOMO cBK 71 a928bSI g Copie: 1 c260065d260065 0010406L_12083171aALBAbALBAd2017-01-16l0oL120-831r2017-01-16 00:00:00w2017-01-16yBKz(data import: 16 gennaio 2017) - By Epidotti, Vaglietti.